000
00420nam a22001337a 4500
003
SGT
020
_a
9788126729227
082
_a
891.4309
_b
N16S
100
_a
शर्मा, सुरेश
245
_a
नामवर सिंह : सफर 90 साल का
260
_b
इंदिरा गाँधी राष्ट्रीय कला केंद्र
_c
2016
300
_a
95
942
_2
ddc
_c
BK
999
_c
30172
_d
30172